| 000 | 00875nam a22002897a 4500 | ||
|---|---|---|---|
| 001 | 200460071 | ||
| 003 | TR-AnTOB | ||
| 005 | 20250812133106.0 | ||
| 008 | 240513b tu ||||| |||| 00| 0 tur d | ||
| 020 | _a9752100775 | ||
| 040 |
_aTR-AnTOB _beng _erda _cTR-AnTOB |
||
| 041 | _atur | ||
| 092 |
_a372.494335 _bDAY 2017 |
||
| 100 | 1 | 0 |
_aDayıoğlu, Gülten, _d1935- _942399 |
| 245 | 1 | 0 |
_aEfsaneler Ülkesi Çin'e yolculuk / _cGülten Dayıoğlu. |
| 260 |
_aAnkara : _bAltın kitaplar Yayınev0i, _c2017. |
||
| 300 |
_a109 Pages. ; _c20 cm. |
||
| 336 |
_atext _btxt _2rdacontent |
||
| 337 |
_aunmediated _bn _2rdamedia |
||
| 338 |
_avolume _bnc _2rdacarrier |
||
| 440 |
_aAltın çocuk kitapları. _pGezi dizini. |
||
| 650 | _aTürkçe romanı ve hikayesi. | ||
| 653 | _aGezi Dizini | ||
| 942 |
_2ddc _cBK |
||
| 999 |
_c200460071 _d78283 |
||